01702nam a2200253 i 4500001000300000245042100003246014300424260004600567300002800613490021400641500020900855500002901064504002401093650002201117650002101139650004201160650002501202655002901227830008701256040000801343041001101351080004501362008004101407bg00aProblemy projektowania oraz optymalizacja rozwiązań materiałowych i technologii wykonywania obiektów w aspekcie trwałości i ochrony przed korozją :bposadzki przemysłowe - problematyka jakości betonów i zabezpieczeń konstrukcji betonowych w oczyszczalniach ścieków oraz na składowiskach odpadów przemysłowych i rolniczych : XI Konferencja OKTRA '99, Polanica Zdrój 6-9 września 1999 r.11aProblems of design, optimization of material solution and engineering of building objects in aspect of durability and corrosion resistance aWrocław :bOficyna Wydawnicza PW,c1999. a234 s. :bil. ;c24 cm.1 aPrace Naukowe Instytutu Budownictwa Politechniki Wrocławskiej. Konferencje =aScientific Papers of the Institute of Building Engineering of the Wrocław University of Technology. Conferences,x0324-9883 ;v25 aTyt. równol.: Problems of design, optimization of material solution and engineering of building objects in aspect of durability and corrosion resistance. - Tyt. grzbiet.: OKTRA '99. - Nr serii gł.: 74. aStreszcz. ang. przy ref. aBibliogr. przy ref. 9aBetonxstosowanie 9aKorozja i erozja 9aOczyszczalnia ściekówxmateriały 9aPodłogaxmateriały aMateriały konferencyjne 0aPrace Naukowe Instytutu Budownictwa Politechniki Wrocławskiej.pKonferencje ;v25 cBPK0 aplben a69::725.4:691:692.5:628.32:620.193](061) s pl f |000 0 pol